|
|
|
|
| LEADER |
01195nam a2200349 a 4500 |
| 001 |
000278031 |
| 003 |
CZ BrMZK |
| 005 |
20080702070108.0 |
| 007 |
ta |
| 008 |
980115s1997 xr a f cze d |
| 015 |
|
|
|a cnb000300121
|
| 020 |
|
|
|a 80-7180-255-7
|
| 035 |
|
|
|a (OCoLC)39105943
|
| 040 |
|
|
|a BOA001
|b cze
|
| 041 |
1 |
|
|a cze
|h eng
|
| 080 |
|
|
|a 7.036"192/193"
|2 MRF
|
| 100 |
1 |
|
|a Horsham, Michael
|4 aut
|
| 245 |
1 |
0 |
|a Styly 20. a 30. let /
|c Michael Horsham
|
| 250 |
|
|
|a Čes. vyd. 1.
|
| 260 |
|
|
|a Praha :
|b Svojtka a Vašut,
|c 1997
|
| 300 |
|
|
|a 128 s. :
|b barev. il. ;
|c 29 cm
|
| 500 |
|
|
|a Přeloženo z angličtiny
|
| 653 |
0 |
|
|a architektura
|a art deco
|a kultura
|a umělecké styly
|a umění
|
| 765 |
0 |
|
|t 20's & 30's style
|9 Česky
|
| 910 |
|
|
|a BOA001
|b 4-1041.517
|b PK-N-0033.692
|
| 920 |
|
|
|a 000288910
|
| 964 |
|
|
|a Umění
|z stol.20., léta 20.-30.
|
| 964 |
|
|
|a Architektura
|z stol.20., léta 20.-30.
|
| 964 |
|
|
|a Kultura
|z stol.20., léta 20.-30.
|
| 990 |
|
|
|a BK
|
| 996 |
6 |
|
|b 2610065239
|c 4-1041.517
|l MZK
|r HSS 4p
|n 3
|p p.v.
|h 7 HOR
|w 000278031
|u 000010
|a 0
|e BOA001
|j MZK50
|s P
|
| 996 |
7 |
|
|b 3119011306
|c PK-N-0033.692
|l MZK
|r Sklad / do 1 hodiny
|n 57
|p kup
|w 000278031
|u 000020
|a 1
|e BOA001
|j MZK50
|s A
|